"Золотое кольцо" Ленобласти (Запись № 11592860)

Подробности
000 -МАРКЕР
контрольное поле 01763nam0a2200325 4500
001 - ИДЕНТИФИКАТОР ЗАПИСИ
контрольное поле RU\NLR\BIBL_A\011744064
005 - ИДЕНТИФИКАТОР ВЕРСИИ
контрольное поле 20180712104810.0
021 ## - НОМЕР ГОСУДАРСТВЕННОЙ РЕГИСТРАЦИИ
Код страны Российская Федерация
Номер КН-П-18-041597
Номер Листа государственной регистраци КН-П-18-2999
035 ## - ДРУГИЕ СИСТЕМНЫЕ НОМЕРА
Идентификатор записи (NLR Aleph) 011744064
035 ## - ДРУГИЕ СИСТЕМНЫЕ НОМЕРА
Идентификатор записи (RuMoRGB)009653710
100 ## - ДАННЫЕ ОБЩЕЙ ОБРАБОТКИ
Данные общей обработки 20180705d2018 u y0rusy50 ca
101 0# - ЯЗЫК РЕСУРСА
Язык текста, звукозаписи и т.д. русский
102 ## - СТРАНА ПУБЛИКАЦИИ ИЛИ ПРОИЗВОДСТВА
Страна публикации Российская Федерация
105 ## - ПОЛЕ КОДИРОВАННЫХ ДАННЫХ: ТЕКСТОВЫЕ МАТЕРИАЛЫ, МОНОГРАФИЧЕСКИЕ
Кодированные данные о монографическом текстовом документе ac||zzzz000zy
200 1# - ЗАГЛАВИЕ И СВЕДЕНИЯ ОБ ОТВЕТСТВЕННОСТИ
Основное заглавие "Золотое кольцо" Ленобласти
Сведения, относящиеся к заглавию путеводитель от Удельной до Выборга по Выборгскому направлению железной дороги
Первые сведения об ответственности Межрегиональная общественная организация "Международный фонд краеведов", Редакция информационного историко-краеведческого бюллетеня "Русский краевед"
Последующие сведения об ответственности автор-составитель: Сергей Сковпнев
210 ## - ПУБЛИКАЦИЯ, РАСПРОСТРАНЕНИЕ И ДР.
Место издания, распространения и т.д. Санкт-Петербург
Имя издателя, распространителя и т. д. [б. и.]
Дата издания, распространения и т.д. 2018
215 ## - ФИЗИЧЕСКАЯ ХАРАКТЕРИСТИКА
Специфическое обозначение материала и объем 48 с.
Другие сведения о физической характеристике ил., портр.
Размеры 21
300 ## - ОБЩИЕ ПРИМЕЧАНИЯ
Текст примечания Издано на средства авт.
607 ## - ГЕОГРАФИЧЕСКОЕ НАИМЕНОВАНИЕ КАК ПРЕДМЕТ
Географическое наименование Ленинградская область
Формальный подзаголовок Путеводители
Тематический подзаголовок История
Системный номер авторитетной/нормативной записи 1007311
Идентификатор авторитетной/нормативной записи RU\NLR\AUTH\66382981
686 ## - ИНДЕКСЫ ДРУГИХ КЛАССИФИКАЦИЙ
Индекс Т3(2Р-4Ле-2)я23
Код системы
686 ## - ИНДЕКСЫ ДРУГИХ КЛАССИФИКАЦИЙ
Индекс Н0(2Р=Р)99Ленинградская обл.я23
Код системы
686 1# - ИНДЕКСЫ ДРУГИХ КЛАССИФИКАЦИЙ
Индекс Т3(2Р-4Ле)я23
702 #1 - ИМЯ ЛИЦА - ВТОРИЧНАЯ ОТВЕТСТВЕННОСТЬ
Начальный элемент ввода Сковпнев
Часть имени, кроме начального элемента ввода С. Л.
Даты 1972-
Расширение инициалов личного имени Сергей Леонидович
Код отношения Составитель
711 02 - НАИМЕНОВАНИЕ ОРГАНИЗАЦИИ - АЛЬТЕРНАТИВНАЯ ОТВЕТСТВЕННОСТЬ
Начальный элемент ввода Октябрьская железная дорога
Системный номер авторитетной/нормативной записи 514989
Идентификатор авторитетной/нормативной записи RU\NLR\AUTH\8810008618
942 ## - ДОПОЛНИТЕЛЬНЫЕ ЭЛЕМЕНТЫ ЗАПИСИ (АБИС)
Тип экземпляра АБИС Книга
980 ## - КОЛЛЕКЦИЯ
Название коллекции Национальная библиография
Экземпляры
Тип экземпляра Дата поступления Источник поступления Стоимость Библиотека постоянного хранения Библиотека текущего хранения Место хранения Шифр хранения Штрих-код Статус экземпляра
Книга 05.07.2018 Обязательный экземпляр 0.00 РНБ (Московский) РНБ (Московский) Русский книжный фонд: издания с 1957 года 2018-4/5806 1-2361467  
Книга 05.07.2018 Обязательный экземпляр 0.00 РНБ (Московский) РНБ (Московский) Русский книжный фонд: издания с 1957 года 2018-4/5806 1-2361468  
Книга 14.02.2019 Дар 50.00 РНБ (Московский) РНБ (Московский) Залы гуманитарной литературы С1 Т3(2Р-4Ле))/З-811 1-2615523  
Книга 20.01.2020 Дар 50.00 РНБ (Московский) РНБ (Московский) Русский книжный фонд: издания с 1957 года 2018-4/5806 1-2969184  
Книга 21.08.2018 Дар 50.00 РНБ (Фонтанка) РНБ (Фонтанка) Юношеский читальный зал Ю Т3(2=2СПб)Пр/С-44 1-2373076